00656nam a22001937a 4500003000200000005001700002008004100019020001800060050002200078100002700100245003300127260005600160300003300216504005100249650000900300942001200309999001900321952012200340020240919084447.0240919b xxu||||| |||| 00| 0 eng d a9788196071998 aN 5300b.K86 2023 aKumar, Arvindeauthor. aVisual arts /cArvind Kumar. aNew Delhi, India :bRandom Publications LLP,c2023. aix, 320 p. :bill. ;c25 cm. aIncludes bibliographical references and index. aArt. 2lcccBK c366254d366254 00102lcc40aCLbCLcRESd2024-09-19eLibrary Fundl0oN 5300 .K86 2023pC23413r2024-09-19 00:00:00w2024-09-19yBK